| 000 | 00739nam a2200253 a 4500 | ||
|---|---|---|---|
| 001 | 24647 | ||
| 003 | CO-ViMGA | ||
| 008 | 141112s2004 ck r 000 u spa d | ||
| 015 | _ack - 2010 - xxxx | ||
| 020 | _a9789586486675 | ||
| 040 |
_aCO-ViMGA _bspa _cCO-ViMGA |
||
| 082 | 0 | 4 | _a658.1553 T676c |
| 100 | 1 |
_aToro López, Francisco J. _936718 |
|
| 245 | 1 | 0 |
_aCostos ABC y presupuestos : _bherramientas para la productividad / _cFrancisco Toro |
| 250 | _a1a. ed. | ||
| 260 |
_aBogotá : _bEcoe Ediciones, _c2010 |
||
| 300 | _a410 p. ; 24 cm. | ||
| 500 | _aIncluye apéndices | ||
| 598 | _aNEW - GRAL | ||
| 650 | 1 | 4 | _aContabilidad de costos |
| 650 | 1 | 4 |
_aCostos _98212 |
| 650 | 1 | 4 |
_aPresupuesto de capital _936719 |
| 942 |
_2ddc _cBK |
||
| 999 |
_c32459 _d32459 |
||